1424 1354 1486 1317 1728 1096 1845 1397 1446 1398 1718 1803 1068 1364 1876 1116 1548 1028 1895 1084 1452 1378 1671 1836 1247 1119 1229 1043 1731 1082 1539 1906 1669 1121 1280 1186 1386 1028 1340 1175 1097 1552 1216 1624 1003 1554 1905 1629 1394 1137 1956 1406 1888 1400 1299 1815 1870 1724 1962 1033 1053 1507 1046 1531 1886 1114 1991 1183 1957 1105 1158 1653 1286 1114 1723 1213 1735 1734 1857 1222 1932 1583 1858 1801 1349 1069 1826 1536 1097 1360 1798 1597 1294 1314 1595 1893 1872 1450 1241 BCNSPRNW ULIB Ver.6.0+V

เปลี่ยนเป็นภาษาไทย

Change to English
 แสดงรายละเอียดบรรณานุกรม
  กลับหน้าหลัก

Brief Record : Get Marc (ISO 2709) : E-mail record : QR code < ปิดหน้าต่าง
LEADER : 00000nam 2200000uu 4500
001    13399129055
003     ULIB
008    020711s2567 th a 000 0 tha d
020    ^a9786167741581
060    ^aWJ378^bธ211ก
100    ^aธนันดา ตระการวนิช,บรรณาธิการ
245    การบำบัดทดแทนไตด้วยเทคนิคใหม่ = Remainder of title New techniques for renal replacement therapy/^cธนันดา ตระการวนิช,บรรณาธิการ
250    ^aพิมพ์ครั้งที่ 3
260    ^aกรุงเทพฯ :^bภาควิชาอายุรศาสตร์ คณะแพทยศาสตร์วชิรพยาบาล มหาวิทยาลัยนวมินทราธิราช,^c2567
300    ^a257 หน้า
650    ^aไต^xโรค
650    ^aRenal Replacement Therapy
945    ^p650^l0^i011722
945    ^p650^l0^i011723
945    ^p650^l0^i011724
999    ^aประนอม เกษจรัล
รายการนี้ยังไม่มีแท็ก
คุณยังไม่ได้ล็อกอิน คุณสามารถมีกิจกรรมร่วมกับเว็บไซต์ได้ แต่ต้องล็อกอินก่อน ::
  ล็อกอิน

รายการสื่อสารสนเทศ

ลำดับที่ ประเภท เลขเรียก/บาร์โค้ด สถานที่ สถานะ
1. วิทยาศาสตร์การแพทย์ และสุขภาพ
หนังสือสำรอง
สถานะ=หนังสือสำรอง
WJ378 ธ211ก ฉ.1 
  Barcode: 011722
ห้องสมุดวิทยาเขตสวรรค์ประชารักษ์
►หนังสือทั่วไป
บนชั้น
2. วิทยาศาสตร์การแพทย์ และสุขภาพ
วิทยาศาสตร์การแพทย์ และสุขภาพ
WJ378 ธ211ก ฉ.2 
  Barcode: 011723
ห้องสมุดวิทยาเขตสวรรค์ประชารักษ์
►หนังสือทั่วไป
บนชั้น
3. วิทยาศาสตร์การแพทย์ และสุขภาพ
วิทยาศาสตร์การแพทย์ และสุขภาพ
WJ378 ธ211ก ฉ.3 
  Barcode: 011724
ห้องสมุดวิทยาเขตสวรรค์ประชารักษ์
►หนังสือทั่วไป
บนชั้น

รายการใกล้เคียง
    ผู้แต่ง [ธนันดา ตระการวนิช,บรรณาธิการ]

    หัวเรื่อง [ไต โรค]
    หัวเรื่อง [Renal Replacement Therapy]

BibComment


ยังไม่เคยถูกคอมเมนท์

คอมเมนท์ทรัพยากรรายการนี้
  คอมเมนท์: การบำบัดทดแทนไตด้..


 Copyright 2026. Bcnsprnw @Library